| 000 | 00480nam a2200169Ia 4500 | ||
|---|---|---|---|
| 003 | LK-CoDNM | ||
| 008 | 010623t1927 xxu||||| |||| 00| 1 sin d | ||
| 040 |
_aLK-CoDNM _dLK-CoDNM _eLK-CoDNM |
||
| 041 | _asin | ||
| 080 | _a104 C 10 | ||
| 100 |
_aZoysa,C.D _eed. |
||
| 245 | _aපන්ච පාප විභාග සංග්රහව | ||
| 246 | _aPancha Papa Vibhaaga Sangrahawa | ||
| 260 |
_bLankabhinava Vissruta _aColombo _c1927 |
||
| 300 | _b16p, 21 cm | ||
| 942 | _cBK | ||
| 999 |
_c94074 _d94074 |
||